NHL Players born in Scotland - Statistics

General Stats
  • This quiz has been taken 8 times
  • The average score is 2 of 21
Answer Stats
Debut team Position Years active in NHL Born GP Answer % Correct
Detroit Red Wings G 1941-52 Johnstone 417 Adam Brown
40%
Edmonton Oilers D 1984-2001 Glasgow 938 Steve Smith
40%
New York Americans G 1936-37 Falkirk 1 Alex Wood
20%
New York Rangers G 1932-35 Glasgow 116 Andy Aitkenhead
20%
Detroit Red Wings D 1940-42 Motherwell 40 Bob Whitelaw
20%
Chicago Black Hawks G 1927-34 Edinburgh 337 Charlie Gardiner
20%
Boston Bruins RW 1974-76 Glasgow 9 Gordie Clark
20%
Detroit Red Wings C 1945-53 Motherwell 347 Jim Conacher
20%
New York Rangers D 1951-53 Edinburgh 62 Jim Ross
20%
Detroit Red Wings LW 1934-42 Edinburgh 335 Tom Anderson
20%
New York Rangers RW 1927-29 Glasgow 63 Alex Gray
0%
Detroit Red Wings C 1938-44 Troon 11 Bill Thomson
0%
New York Americans LW 1926-30 Glasgow 80 Bobby Connors
0%
Toronto Maple Leafs RW 1948-49 Edinburgh 1 Chuck Blair
0%
Montreal Maroons D 1924-32 Moray 260 Dunc Munro
0%
Quebec Bulldogs RW 1919-24 Glasgow 72 George Carey
0%
Chicago Black Hawks C 1943-44 Edinburgh 3 George Grigor
0%
Montreal Maroons D 1933-36 Kilsyth 100 Irv Frew
0%
Boston Bruins C 1930-32 Edinburgh 41 Jack Pratt
0%
New York Rangers C 1930-31 Stirling 5 Sam McAdam
0%
New York Rangers C 1964-68 Paisley 34 Sandy Fitzpatrick
0%
No matching quizzes found
Score Distribution
Percent of People with Each Score
Percentile by Number Answered
Your Score History
You have not taken this quiz